000
00380nam a22001577a 4500
003
MPLRDC
005
20220104142527.0
008
210129b ||||| |||| 00| 0 eng d
082
_a
220.7 SLY
100
_a
史流音居士
245
_a
科学心佛与和平
_c
260
_a
_b
演本老法师纪念会
_c
300
_b
平
650
_a
佛教杂论
942
_c
BK
_o
220.7 SLY
999
_c
31605
_d
31595